| 000 | 00734nam a2200289Ia 4500 | ||
|---|---|---|---|
| 005 | 20260324140801.0 | ||
| 008 | 008 260324s9999 xx 000 0 eng d | ||
| 020 | _a9781315503257 | ||
| 037 | _aEBOOK | ||
| 040 | _aCRL | ||
| 040 | _beng | ||
| 040 | _cCRL | ||
| 041 | _2eng | ||
| 041 | _aeng | ||
| 084 | _qCRL | ||
| 100 |
_aNicol C. Rae _91205730 |
||
| 245 | 0 | _aConservative Reformers: The Freshman Republicans in the 104th Congress | |
| 245 | 4 | _bThe Freshman Republicans in the 104th Congress | |
| 260 | _bTaylor and Francis | ||
| 260 | _c1998 | ||
| 365 | _a | ||
| 365 | _b230 | ||
| 856 | _uhttp://www.taylorfrancis.com/books/9781315503257 | ||
| 942 | _cEBOOK | ||
| 999 |
_c1808130 _d1808130 |
||